| 000 | 00611nam a2200217Ia 4500 | ||
|---|---|---|---|
| 005 | 20250923145718.0 | ||
| 008 | 008 250917s9999 xx 000 0 eng d | ||
| 037 | _aTextual | ||
| 040 |
_aDSWL _beng _cDSWL |
||
| 041 |
_aeng _2eng |
||
| 084 |
_aY:4340aX.79173, N79 _qDSWL |
||
| 100 |
_aStanding, G. _9838213 |
||
| 245 | 0 |
_aPoverty and basic needs _c by G. Standing |
|
| 260 |
_aGeneva _bI.L.O. _c1979 |
||
| 300 | _aviii,154p. | ||
| 365 |
_aINR _b54.00 |
||
| 700 |
_a R. Szal _9838214 |
||
| 925 | _g54.00 | ||
| 942 |
_cTEXL _hY:4340aX.79173, N79 |
||
| 999 |
_c1454649 _d1454649 |
||